Central Library OPAC University of Rajshahi

The complete poems of Emily Dickinson / (Record no. 17569)

MARC details
000 -LEADER
fixed length control field 00861nam a2200277 a 4500
001 - CONTROL NUMBER
control field 17569
003 - CONTROL NUMBER IDENTIFIER
rucl marc code BD-RjUL
005 - DATE AND TIME OF LATEST TRANSACTION
control field 20211209000148.0
008 - FIXED-LENGTH DATA ELEMENTS--GENERAL INFORMATION
fixed length control field 140217s1960 mau 001 1 eng
020 ## - INTERNATIONAL STANDARD BOOK NUMBER
Terms of availability : Rs.20.00
035 ## - SYSTEM CONTROL NUMBER
System control number (BD-RjUL)17627
040 ## - CATALOGING SOURCE
Original cataloging agency DLC
Transcribing agency DLC
Language of cataloging eng
Modifying agency BD-RjUL
041 ## - LANGUAGE CODE
Language code of text/sound track or separate title eng
082 00 - DEWEY DECIMAL CLASSIFICATION NUMBER
Classification number 811.4
Edition number 21
Author mark and year DIC 1960
100 1# - MAIN ENTRY--PERSONAL NAME
Personal name Dickinson, Emily
9 (RLIN) 55019
245 14 - TITLE STATEMENT
Title The complete poems of Emily Dickinson /
Statement of responsibility, etc. edited by Thomas H. Johnson.
260 ## - PUBLICATION, DISTRIBUTION, ETC. (IMPRINT)
Place of publication, distribution, etc. Boston :
Name of publisher, distributor, etc. Back Bay Books, Little, Brown and Co. ,
Date of publication, distribution, etc. c1960.
Place of publication, distribution, etc. Delhi :
Name of publisher, distributor, etc. Kalyani Pub. ,
Date of publication, distribution, etc. 1960
300 ## - PHYSICAL DESCRIPTION
Pagination xiii, 770 p. ;
Size 21 cm.
504 ## - BIBLIOGRAPHY, ETC. NOTE
Bibliography, etc Includes indexes.
650 ## - SUBJECT ADDED ENTRY--TOPICAL TERM
Topical term or geographic name as entry element American poetry -- 19th century.
9 (RLIN) 54144
Topical term or geographic name as entry element American poetry -- Women authors.
9 (RLIN) 54145
700 1# - ADDED ENTRY--PERSONAL NAME
Personal name Johnson, Thomas H.
942 ## - ADDED ENTRY ELEMENTS (KOHA)
Source of classification or shelving scheme Dewey Decimal Classification
Koha item type Books
Holdings
Lost status Source of classification or shelving scheme Damaged status Not for loan Collection code Permanent Location Current Location Shelving location Date acquired Source of acquisition Total Checkouts Full call number Date last seen Copy number Koha item type Cost, normal purchase price Date checked out
  Dewey Decimal Classification     Fiction Central Library, University of Rajshahi Central Library, University of Rajshahi   04/10/1987 American Cultural Centre, Dhaka   811.4 DIC 1960 17/02/2014 C-4 Books    
  Dewey Decimal Classification     Non-fiction Central Library, University of Rajshahi Central Library, University of Rajshahi   02/07/1976 American Cultural Centre, Dhaka   811.4 DIC 1960 24/09/2018 C-3 Books 20.00  
  Dewey Decimal Classification     Non-fiction Central Library, University of Rajshahi Central Library, University of Rajshahi   18/12/2019   1 811.4 DIC 1960 06/04/2023 C-2 Books   23/03/2023